000 00259nmm a2200085Ia 4500
008 220120s9999||||xx |||||||||||||||||und||
100 _aFirewal media
245 0 _aLearning computer fundamentals: ms office and internet and w
260 _aFirewall media
_bNew Delhi
999 _c139609
_d139609